[Event "Muehlhaeusen op"]
[Site "Muehlhausen"]
[Date "2007.05.20"]
[Round "7.24"]
[White "Saran, Bajar"]
[Black "Roehrig, Johanna"]
[Result "1-0"]
[WhiteElo "1627"]
[BlackElo "1024"]
[PlyCount "41"]
[EventDate "2007.05.16"]
[EventType "swiss"]
[EventRounds "7"]
[EventCountry "GER"]
[SourceTitle "CBM 118 Extra"]
[Source "ChessBase"]
[SourceDate "2007.07.04"]
[SourceVersion "1"]
[SourceVersionDate "2007.07.04"]
[SourceQuality "1"]

1. e4 d6 2. d4 Nf6 3. f3 g6 4. c4 Bg7 5. Nc3 0-0 6. Be3 e5 7. d5 Ne8 8. Qd2 f5 9. Bg5 Nf6 10. 0-0-0 Qe8 11. Bh6 f4 12. Bxg7 Kxg7 13. Nb5 Na6 14. Bd3 c6 15. Nxd6 Qd7 16. Nxc8 Raxc8 17. Kb1 cxd5 18. cxd5 Qd6 19. Bxa6 bxa6 20. Nh3 Rc5 21. Ng5 1-0

[Event "Muehlhaeusen op"]
[Site "Muehlhausen"]
[Date "2007.05.19"]
[Round "5.27"]
[White "Eichler, Willy"]
[Black "Roehrig, Johanna"]
[Result "1/2-1/2"]
[WhiteElo "1430"]
[BlackElo "1024"]
[PlyCount "44"]
[EventDate "2007.05.16"]
[EventType "swiss"]
[EventRounds "7"]
[EventCountry "GER"]
[SourceTitle "CBM 118 Extra"]
[Source "ChessBase"]
[SourceDate "2007.07.04"]
[SourceVersion "1"]
[SourceVersionDate "2007.07.04"]
[SourceQuality "1"]

1. c4 e5 2. Nc3 Nc6 3. Nf3 d6 4. g3 g6 5. Bg2 Bg7 6. d3 Nge7 7. 0-0 0-0 8. e4 Bg4 9. h3 Bxf3 10. Bxf3 Kh8 11. Be3 f5 12. exf5 Nxf5 13. Bd2 g5 14. a3 Nfd4 15. Bg2 Rb8 16. Rc1 Na5 17. Be3 Nab3 18. Rb1 c6 19. Ne2 Nxe2+ 20. Qxe2 Nd4 21. Bxd4 exd4 22. Qd2 Bh6 1/2-1/2

[Event "Muehlhaeusen op"]
[Site "Muehlhausen"]
[Date "2007.05.17"]
[Round "3.24"]
[White "Katzer, Michael"]
[Black "Roehrig, Johanna"]
[Result "1/2-1/2"]
[WhiteElo "1590"]
[BlackElo "1024"]
[PlyCount "39"]
[EventDate "2007.05.16"]
[EventType "swiss"]
[EventRounds "7"]
[EventCountry "GER"]
[SourceTitle "CBM 118 Extra"]
[Source "ChessBase"]
[SourceDate "2007.07.04"]
[SourceVersion "1"]
[SourceVersionDate "2007.07.04"]
[SourceQuality "1"]

1. e4 d6 2. d4 g6 3. Nc3 Bg7 4. Bc4 Nf6 5. h3 0-0 6. Nf3 e6 7. Bg5 b6 8. Qe2 Qe8 9. 0-0 Bb7 10. Bxf6 Bxf6 11. Nb5 Qe7 12. c3 c6 13. Nxd6 Qxd6 14. e5 Bxe5 15. dxe5 Qe7 16. Qe3 c5 17. Nh2 Nd7 18. Bb5 f5 19. Bxd7 Qxd7 20. Rad1 1/2-1/2

[Event "Muehlhaeusen op"]
[Site "Muehlhausen"]
[Date "2007.05.16"]
[Round "1.23"]
[White "Seifart, Mario"]
[Black "Roehrig, Johanna"]
[Result "1-0"]
[WhiteElo "1984"]
[BlackElo "1024"]
[PlyCount "27"]
[EventDate "2007.05.16"]
[EventType "swiss"]
[EventRounds "7"]
[EventCountry "GER"]
[SourceTitle "CBM 118 Extra"]
[Source "ChessBase"]
[SourceDate "2007.07.04"]
[SourceVersion "1"]
[SourceVersionDate "2007.07.04"]
[SourceQuality "1"]

1. d4 Nf6 2. c4 d6 3. Nc3 g6 4. e4 Bg7 5. f3 0-0 6. Be3 Nbd7 7. Qd2 e6 8. Nge2 b6 9. g4 Bb7 10. Ng3 Qe7 11. h4 c5 12. d5 e5 13. Bh6 Ne8 14. h5 1-0